000 01041cam a22003014i 4500
001 19365991
008 161107s2017 enk b 001 0 eng
010 _a 2016033419
020 _a9781138817210 (hardback)
020 _z9781315745664 (ebook)
040 _aDLC
_beng
_cDLC
_erda
_dDLC
050 0 0 _aGV342.27
_b.R68 2017
245 0 0 _aRoutledge handbook of physical cultural studies /
_cedited by Michael L. Silk, David L. Andrews and Holly Thorpe.
264 1 _aAbingdon, Oxon ;
_aNew York, NY :
_bRoutledge,
_c2017.
300 _axxx, 610 pages ;
_c25 cm.
336 _atext
_btxt
337 _aunmediated
_bn
338 _2rdacarrier
490 0 _aRoutledge international handbooks
650 0 _aPhysical education and training
650 0 _aSports sciences
650 0 _aHuman body
942 _cOS
999 _c45006
_d45006